000 01302nas1a2200289 4500
001 RU\NLR\BIBL_A\010701409
005 20250807185512.0
035 _a(NLR Aleph) 010701409
090 _a1325
_c1325
100 _a20150317d1942 u y0rusy50 ca
101 0 _arus
102 _aRU
105 _ay z 000yy
110 _acyy
200 1 _aЗа чистоту и порядок
_eоднодневная газета Исполкома райсовета депутатов трудящихся, РК ВКП (б) Московского района г. Ленинграда
_fРедкол.: В. Капитонова [и др.]
210 _aЛенинград
_d1942
702 1 _aКапитонова В.
852 _aNLR
_jОдн1942/18
942 _cNEWSPAPER
945 _aРоссийская национальная библиотека
980 _aNB
980 _aBV
981 3 7 _a(37) Ленинград в Великой Отечественной войне
_b(37) Газеты блокадного Ленинграда
981 2 7 _a(27) Периодические издания
_b(27) Пульс города на Неве
981 2 7 _a(27) Периодические издания
_b(27) Газеты